000 nam a22 7a 4500
999 _c8963
_d8963
008 180122b ||||| |||| 00| 0 eng d
100 _aSharma.R.D.
_95264
245 _aMathematics
260 _aNew Delhi
_bDhanpat Rai
_c2009